| 000 | 00844cab a2200277 4500 | ||
|---|---|---|---|
| 001 | ABS58616 | ||
| 008 | 090401t1998 xxu||||| |||| 00| 0 eng d | ||
| 035 | _a(Sirsi) u85488 | ||
| 041 | _aeng | ||
| 100 | _aXavier, G. | ||
| 245 | _aMalaysia` Contractor`s obligations in a Malaysian construction contract | ||
| 260 | _c1998 | ||
| 350 | _a0 | ||
| 490 |
_aConstruction Law Journal _v14(2) 1998, 83-93(11) |
||
| 520 | _aExamines the contractor`s obligations for completion of work under the different types of construction contract in Malaysia. | ||
| 650 | _aCONTRACTOR | ||
| 650 | _aDESIGN AND BUILD | ||
| 650 | _aFIXED PRICE CONTRACT | ||
| 650 | _aLUMP SUM CONTRACT | ||
| 650 | _aMALAYSIA | ||
| 650 | _aOBLIGATIONS | ||
| 650 | _aTURNKEY CONTRACT | ||
| 690 | _aOVERSEAS-REST OF THE WORLD | ||
| 942 | _n0 | ||
| 948 | _c07/04/1998 | ||
| 999 |
_c53754 _d53754 |
||